| 000 | 00599nam a2200157 i 4500 | ||
|---|---|---|---|
| 001 | 122648 | ||
| 003 | ES-MaACL | ||
| 005 | 20230906192022.0 | ||
| 007 | t| | ||
| 008 | 070214m19531958sp r ||||1| spa d | ||
| 100 | 1 |
_aDíaz Calderón, Carlos. _933595 |
|
| 245 | 1 | 0 |
_aProblemas de Geometría y Trigonometría propuestos para la convocatoria de ingreso... en la Academia General Militar... / _cresueltos y explicados por Carlos D. Calderón. |
| 260 |
_aZaragoza : _b[s. n.], _c1953-58 ( _fTall. Librería General) |
||
| 300 |
_a3 t., 5 fasc. : _bil. ; _c22 cm. |
||
| 852 |
_aES-MaACL _jP-1034 _bR.35456 |
||
| 999 |
_c122648 _d122648 |
||